OPAC Home

ordinance : No.3 of 1893.An ordinance To Amend "The Joint Stock Companies ordinance,1861 And 1888." (Record no. 49243)

MARC details
000 -LEADER
fixed length control field 00408nam a2200133Ia 4500
008 - FIXED-LENGTH DATA ELEMENTS--GENERAL INFORMATION
fixed length control field 180921t xxu||||| ||||o00| 0 eng d
041 ## - LANGUAGE CODE
Language code of text/sound track or separate title English
942 ## - ADDED ENTRY ELEMENTS (KOHA)
Koha item type Books
003 - CONTROL NUMBER IDENTIFIER
control field LK-CoDNM
040 ## - CATALOGING SOURCE
Original cataloging agency LK-CoDNM
Modifying agency LK-CoDNM
Description conventions LK-CoDNM
245 ## - TITLE STATEMENT
Title ordinance : No.3 of 1893.An ordinance To Amend "The Joint Stock Companies ordinance,1861 And 1888."
300 ## - PHYSICAL DESCRIPTION
Extent p.327-330, 23 cm
650 ## - SUBJECT ADDED ENTRY--TOPICAL TERM
Topical term or geographic name as entry element Ordinance
-- Joint Stock Companies
Holdings
Withdrawn status Lost status Damaged status Not for loan Collection code Permanent Location Current Location Date acquired Koha item type
        Government Publications Library National Museum Colombo - Sri Lanka Library National Museum Colombo - Sri Lanka 2013-03-14 Books
Copyright © 2023 Department of National Museum, Colombo 07, Sri Lanka Funded by UNESCO IFAP UNESCO